Potravinový dozor v rastlinných komoditách

Bibliographic Details
Main Author: Štulc, Ján (Author)
Format: Article
Language:Slovak
PhysicalDescription:Tab.
ISSN:1335-0099
Subjects:

MARC

LEADER 00000nab a2200000 a 4500
001 vtls000811332
003 SK-MaSNL
005 20260426083036.0
008 250429c2002 xo 0 slo
015 |a SNBRB2002/10-33449 
035 |a CLN000162987 
035 |a urn:nbn:sk:snk-abook 
035 |a (urnnbn)urn:nbn:sk:snk:ar-a03ux1 
035 |a (uuid)6388a2ed-84c5-411b-a5d7-c619b0440d7a 
040 |a SNKBUCL  |b slo  |c SNKBUCL  |e AACR2 
041 0 |a slo 
044 |a xo  |c SK 
080 |a 614.31(437.6):613.26  |2 1997 
080 |a 351.773(437.6)  |2 1997 
080 |a 613.26(437.6)  |2 1997 
080 |a 619(437.6)  |2 1997 
100 1 |a Štulc, Ján  |4 aut  |9 788592 
245 1 0 |a Potravinový dozor v rastlinných komoditách  |c J. Štulc 
300 |b Tab. 
648 7 |a 2002  |2 SNK  |9 299607 
650 0 7 |a potraviny rastlinného pôvodu  |2 SNKPH  |9 18764 
650 0 7 |a rastlinné komodity  |2 SNK  |9 1437716 
650 0 7 |a potravinový dozor  |2 SNK  |9 1323676 
651 7 |a Slovensko  |2 SNKPHgeo  |9 14231 
655 7 |a články z novín a časopisov  |2 SNK  |9 267496 
773 0 |t Slovenský veterinársky časopis  |g Roč. 27, č. 4 (2002), s. 19-20  |x 1335-0099 
850 |a Slovenská národná knižnica 
852 |a Slovenská národná knižnica 
954 |a odborná, vedecká literatúra pôvodná (slovenská)  |2 lita 
958 |a article27 
958 |a MI 
958 |a SK 
958 |a OND 
958 |a EUIPO 
992 |a RBX 
999 |c 2893751  |d 2895681